Catalog

Record Details

Catalog Search



The midnight show / Lee Kelly and Jennifer Thorne.

Kelly, Lee,(author., Author, Author).
Thorne, Jennifer, 1980-(author., Added Author).

Available copies

  • 2 of 2 copies available at LARL/NWRL Consortium.
  • 2 of 2 copies available at Lake Agassiz Regional Library. (Show preferred library)

Current holds

0 current holds with 2 total copies.

Show Only Available Copies
Location Call Number / Copy Notes Barcode Shelving Location Status Due Date
Crookston Public Library KEL (Text) 33500014370753 New Available -
Detroit Lakes Public Library KEL (Text) 33500014370746 New Available -

Record details

  • ISBN: 9798217086672
  • ISBN: 9798217086696
  • Physical Description: 352 pages ; 24 cm
  • Edition: First edition.
  • Publisher: New York City : Crown, [2026]

Content descriptions

Summary, etc.:
In the 1980s, women were not supposed to be funny. ... Read More
Subject: Missing persons > Fiction.
Secrecy > Fiction.
Women comedians > Fiction.
Television programs > Fiction.
New York (N.Y.) > Fiction.
Missing persons > Fiction.
Secrets > Fiction.
Women comedians > Fiction.
New York (N.Y.) > Fiction.
Missing persons > Fiction.
Secrets > Fiction.
Women comedians > Fiction.
New York (N.Y.) > Fiction.
Genre: Humorous fiction.
Historical fiction.
Detective and mystery fiction.
Humorous fiction.
Novels.
Fiction.
LDR 04576cam a22007698i 4500
001479035
003LARL_NWRL_CONSORTIUM
00520260504160900.0
008250506t20262026nyu e 000 1 eng
010 . ‡a 2025022248
040 . ‡aDLC ‡beng ‡erda ‡cDLC ‡dOCLCO ‡dIG# ‡dTOH ‡dCHILD ‡dOCLCO ‡dHBP ‡dOCLCO ‡dRNL ‡dOCLCO ‡dGP5 ‡dIUK ‡dJTH ‡dMLSOD
019 . ‡a1570602673 ‡a1574917587
020 . ‡a9798217086672 ‡q(hardcover)
020 . ‡a9798217086696 ‡q(trade paperback)
020 . ‡z9798217086689 ‡q(ebook)
035 . ‡a(OCoLC)1527862366 ‡z(OCoLC)1570602673 ‡z(OCoLC)1574917587
042 . ‡apcc
08214. ‡a813.54 ‡223
1001 . ‡aKelly, Lee, ‡eauthor. ‡4aut ‡4http://id.loc.gov/vocabulary/relators/aut ‡1https://id.oclc.org/worldcat/entity/E39PCjwBHbWXg74w9Wd4c3QMdP ‡1http://id.loc.gov/rwo/agents/n2014008992
24514. ‡aThe midnight show / ‡cLee Kelly and Jennifer Thorne.
250 . ‡aFirst edition.
264 1. ‡aNew York City : ‡bCrown, ‡c[2026]
264 4. ‡c©2026
300 . ‡a352 pages ; ‡c24 cm
334 . ‡asingle unit ‡bmono ‡0http://id.loc.gov/vocabulary/issuance/mono
336 . ‡atext ‡btxt ‡2rdacontent ‡0http://id.loc.gov/vocabulary/contentTypes/txt
337 . ‡aunmediated ‡bn ‡2rdamedia ‡0http://id.loc.gov/vocabulary/mediaTypes/n
338 . ‡avolume ‡bnc ‡2rdacarrier ‡0http://id.loc.gov/vocabulary/carriers/nc
520 . ‡aIn the 1980s, women were not supposed to be funny. But when a group of college improv comedians gets the chance to join a new late-night show, it's Lillian Martin who stands out. The new show was called The Midnight Show and it would air every Friday night, live from New York, and change the landscape of TV and comedy forever. But first it would change Lillian's and her friends' lives. The show is a runaway hit and the cast is thrown into the spotlight. Suddenly, they're skipping the line at the city's hottest clubs and posing on the cover of Rolling Stone. Lillian, in particular, seems destined for big things--until one winter night in Lower Manhattan, she vanishes, leaving nothing behind but questions. Was Lillian a victim of her own excesses? Was it a mugging gone wrong? Or could she have been killed by someone in her own inner circle? Forty years later, Lillian's disappearance has never been solved. But when a budding journalist looking to examine Lillian's story from a modern lens begins asking questions, she stirs up decades-old drama--as well as tightly-held secrets some comedy legends would much rather stay buried.
650 0. ‡aMissing persons ‡vFiction. ‡0(LARL_NWRL_CONSORTIUM)165976
650 0. ‡aSecrecy ‡vFiction. ‡0(LARL_NWRL_CONSORTIUM)167261
650 0. ‡aWomen comedians ‡vFiction.
650 0. ‡aTelevision programs ‡vFiction. ‡0(LARL_NWRL_CONSORTIUM)175493
651 0. ‡aNew York (N.Y.) ‡vFiction. ‡0(LARL_NWRL_CONSORTIUM)166410
650 1. ‡aMissing persons ‡vFiction. ‡0(LARL_NWRL_CONSORTIUM)165976
650 1. ‡aSecrets ‡vFiction.
650 1. ‡aWomen comedians ‡vFiction.
651 1. ‡aNew York (N.Y.) ‡vFiction. ‡0(LARL_NWRL_CONSORTIUM)166410
650 7. ‡aMissing persons ‡vFiction. ‡2sears ‡0(LARL_NWRL_CONSORTIUM)165976
650 7. ‡aSecrets ‡vFiction. ‡2sears
650 7. ‡aWomen comedians ‡vFiction. ‡2sears
651 7. ‡aNew York (N.Y.) ‡vFiction. ‡2sears ‡0(LARL_NWRL_CONSORTIUM)166410
655 0. ‡aHumorous fiction.
655 7. ‡aHistorical fiction. ‡2lcgft
655 7. ‡aDetective and mystery fiction. ‡2lcgft
655 7. ‡aHumorous fiction. ‡2lcgft
655 7. ‡aNovels. ‡2lcgft
655 7. ‡aFiction. ‡2lcgft
7001 . ‡aThorne, Jennifer, ‡d1980- ‡eauthor. ‡4http://id.loc.gov/vocabulary/relators/aut ‡1http://id.loc.gov/rwo/agents/no2022008498
758 . ‡1http://id.loc.gov/resources/instances/24189269
758 . ‡4http://id.loc.gov/ontologies/bibframe/instanceOf ‡1http://id.loc.gov/resources/works/24189269
77608. ‡iOnline version ‡4http://id.loc.gov/entities/relationships/onlineversion ‡aKelly, Lee ‡tMidnight show ‡bFirst edition ‡dNew York : Crown, 2026 ‡z9798217086689 ‡w(DLC) 2025022249
884 . ‡aDLC bibframe2marc v3.0-dev ‡g20251128 ‡qDLC ‡uhttps://github.com/lcnetdev/bibframe2marc/tree/v3.0-dev
901 . ‡a479035 ‡bOCoLC ‡c479035 ‡tbiblio ‡soclc

Additional Resources